000 00531nam a22001697a 4500
003 BD-ChCU
005 20251113092847.0
008 251113b bg ||||| |||| 00| 0 ben d
040 _cBD-ChCU
082 _a192 SMP
100 _aSmith , Norman keep.
_916081
245 _aThe Philosophy of David Hume :
_ba critical study of its origins and central doctrines./
_cKeep Norman , Smith
260 _aLondon :
_bMacmillan ,
_cC 1966
300 _axxiv ,567p
650 0 _apolitical Science , theory of .
_916084
942 _2ddc
_cBK
_n0
999 _c109406
_d109406